[Event "Campeonato del Mundo sub-20 2010 Fem."]
[Site "Chotowa-Czarna, Poland"]
[Date "2010.08.07"]
[Round "5.6"]
[White "Nakhbayeva, Guliskhan"]
[Black "Nemcova, Katerina"]
[Result "1-0"]
[WhiteElo "2216"]
[BlackElo "2282"]
[PlyCount "111"]
[EventDate "2010.08.03"]
[EventType "swiss"]
[EventRounds "13"]
[EventCountry "POL"]
[Source "lmi"]
[SourceDate "2010.08.03"]

1. d4 d5 2. c4 c6 3. Nf3 Nf6 4. e3 g6 5. Nc3 Bg7 6. Be2 O-O 7. O-O dxc4 8. Bxc4
Nbd7 9. e4 Nb6 10. Bb3 Qc7 11. a4 a5 12. h3 Nfd7 13. Bg5 e5 14. Be7 Re8 15. Ba3
Bf6 16. Rc1 Qd8 17. d5 Nf8 18. Qe2 Bd7 19. Rfd1 Rc8 20. dxc6 Rxc6 21. Nb5 Rxc1
22. Rxc1 Bc6 23. Nd6 Re7 24. Nc4 Re8 25. Nxa5 Bxa4 26. Nxb7 Qa8 27. Bxa4 Qxa4
28. Rc7 Ne6 29. Nc5 Nxc5 30. Bxc5 Nc4 31. b4 Qb3 32. Nd2 Nxd2 33. Qxd2 Rd8 34.
Rd7 Rxd7 35. Qxd7 h5 36. b5 Bg5 37. Qe8+ Kh7 38. Qxe5 Qd1+ 39. Kh2 Qd2 40. Qd5
Qf4+ 41. g3 Qf6 42. b6 h4 43. Bd4 hxg3+ 44. fxg3 Qf3 45. Qc4 Bd8 46. h4 Be7 47.
Be5 g5 48. hxg5 Qf2+ 49. Kh3 Qf3 50. b7 Qh1+ 51. Kg4 Qd1+ 52. Kf4 Qd2+ 53. Kf3
Qd1+ 54. Kg2 Qd2+ 55. Kh3 Qd7+ 56. g4 1-0

[Event "Campeonato del Mundo sub-20 2010 Fem."]
[Site "Chotowa-Czarna, Poland"]
[Date "2010.08.07"]
[Round "5.7"]
[White "Toth, Sarolta"]
[Black "Melekhina, Alisa"]
[Result "0-1"]
[WhiteElo "2207"]
[BlackElo "2265"]
[PlyCount "174"]
[EventDate "2010.08.03"]
[EventType "swiss"]
[EventRounds "13"]
[EventCountry "POL"]
[Source "lmi"]
[SourceDate "2010.08.03"]

1. Nf3 Nf6 2. c4 g6 3. Nc3 Bg7 4. e4 d6 5. d4 O-O 6. Be3 Nbd7 7. h3 e5 8. d5
Nc5 9. a3 a5 10. Nd2 Ne8 11. b4 axb4 12. axb4 Rxa1 13. Qxa1 Na6 14. Qa3 f5 15.
Nf3 Nf6 16. c5 Nxe4 17. Nxe4 fxe4 18. Nd2 Nb8 19. cxd6 cxd6 20. Nxe4 Bf5 21.
Bd3 Bxe4 22. Bxe4 Bf6 23. Qc1 Na6 24. Qd2 Qc8 25. O-O Qc4 26. Bf3 e4 27. Rc1
Qxb4 28. Qxb4 Nxb4 29. Bxe4 Re8 30. Bf3 Nd3 31. Rb1 Re7 32. Bg4 Rc7 33. Ba7 Be5
34. g3 b5 35. Be3 Nb2 36. Be2 b4 37. Bc1 Rc2 38. Kf1 Bd4 39. Bxb2 Bxb2 40. f4
Bc3 41. g4 Kg7 42. Bf3 Kf6 43. Be2 Rd2 44. Rd1 Rc2 45. Rb1 h6 46. Bf3 Rd2 47.
Rd1 Ra2 48. Rb1 Ra3 49. Bd1 Ra5 50. Bb3 Bd2 51. Rb2 Bc1 52. Ra2 Rxa2 53. Bxa2
Bxf4 54. Ke2 Ke5 55. Kf3 Bc1 56. Ke2 Kd4 57. Kd1 Bf4 58. Kc2 g5 59. Bb3 Ke4 60.
Bc4 Kf3 61. Bd3 Kg2 62. Bg6 Kxh3 63. Bh5 Kg3 64. Kd3 Kf3 65. Kc4 Bd2 66. Kd3
Be1 67. Kc4 Kf4 68. Kb3 Ke4 69. Kc4 b3 70. Kxb3 Kxd5 71. Bg6 Kd4 72. Kc2 Ke3
73. Kd1 Ba5 74. Bf7 Kf4 75. Bh5 Ke3 76. Bf7 Kf3 77. Bh5 d5 78. Kc2 Ke3 79. Bf7
d4 80. Bc4 Bc7 81. Bb5 Bf4 82. Bc4 h5 83. gxh5 g4 84. Bf1 g3 85. Bh3 Kf2 86.
Kd3 Be5 87. Ke4 Bh8 0-1

[Event "Campeonato del Mundo sub-20 2010 Fem."]
[Site "Chotowa-Czarna, Poland"]
[Date "2010.08.07"]
[Round "5.8"]
[White "Skinke, Katrina"]
[Black "Pavlidou, Ekaterini"]
[Result "0-1"]
[WhiteElo "2237"]
[BlackElo "2182"]
[PlyCount "66"]
[EventDate "2010.08.03"]
[EventType "swiss"]
[EventRounds "13"]
[EventCountry "POL"]
[Source "lmi"]
[SourceDate "2010.08.03"]

1. e4 c5 2. Nf3 Nc6 3. d4 cxd4 4. Nxd4 Nf6 5. Nc3 e5 6. Ndb5 d6 7. Bg5 a6 8.
Na3 b5 9. Nd5 Be7 10. Bxf6 Bxf6 11. c3 Bg5 12. Nc2 Ne7 13. Ncb4 O-O 14. a4 bxa4
15. Rxa4 Nxd5 16. Nxd5 a5 17. Bc4 Bd7 18. Ra1 a4 19. O-O Qa5 20. b4 Qa7 21. Ra3
Kh8 22. Qe2 g6 23. Rb1 f5 24. Ra2 fxe4 25. b5 Qc5 26. Rb4 a3 27. b6 Rab8 28.
Rxa3 Bc6 29. Ne3 d5 30. Ba2 d4 31. Nd1 dxc3 32. Rxc3 Qxb4 33. Rxc6 Rfd8 0-1

[Event "Campeonato del Mundo sub-20 2010 Fem."]
[Site "Chotowa-Czarna, Poland"]
[Date "2010.08.07"]
[Round "5.9"]
[White "Gosciniak, Maria"]
[Black "Kulon, Klaudia"]
[Result "1-0"]
[WhiteElo "2149"]
[BlackElo "2230"]
[PlyCount "109"]
[EventDate "2010.08.03"]
[EventType "swiss"]
[EventRounds "13"]
[EventCountry "POL"]
[Source "lmi"]
[SourceDate "2010.08.03"]

1. e4 c5 2. Nf3 d6 3. d4 cxd4 4. Nxd4 Nf6 5. Nc3 Nc6 6. Bg5 e6 7. Qd2 a6 8.
O-O-O Bd7 9. f3 Be7 10. Kb1 Qc7 11. Be3 Ne5 12. g4 b5 13. Bd3 Nc4 14. Bxc4 Qxc4
15. g5 Nh5 16. Nce2 g6 17. Ng3 Nxg3 18. hxg3 a5 19. Ne2 b4 20. Bd4 Rf8 21. Bf6
Ra6 22. Rxh7 e5 23. Bxe5 Bb5 24. Bg7 Qxe2 25. Bxf8 Bxf8 26. Rh8 Rc6 27. Qxe2
Bxe2 28. Rd5 Ra6 29. f4 Bf3 30. Rb5 Ra8 31. e5 Bc6 32. Rb6 Kd7 33. e6+ fxe6 34.
Rh7+ Be7 35. Rxc6 Kxc6 36. Rxe7 Kd5 37. Rg7 Rh8 38. b3 Rh3 39. Rxg6 Rxg3 40.
Kb2 e5 41. f5 e4 42. f6 e3 43. f7 Rf3 44. Rf6 Rxf6 45. gxf6 e2 46. f8=Q e1=Q
47. Qa8+ Kc5 48. Qxa5+ Kc6 49. Qa6+ Kd7 50. Qb7+ Kd8 51. Qe7+ Qxe7 52. fxe7+
Kxe7 53. c3 bxc3+ 54. Kxc3 Kd7 55. a4 1-0

[Event "Campeonato del Mundo sub-20 2010 Fem."]
[Site "Chotowa-Czarna, Poland"]
[Date "2010.08.07"]
[Round "5.10"]
[White "Guramishvili, Sopiko"]
[Black "Andrenko, Irina"]
[Result "1-0"]
[WhiteElo "2298"]
[BlackElo "2133"]
[PlyCount "73"]
[EventDate "2010.08.03"]
[EventType "swiss"]
[EventRounds "13"]
[EventCountry "POL"]
[Source "lmi"]
[SourceDate "2010.08.03"]

1. Nf3 Nf6 2. c4 g6 3. b4 Bg7 4. Bb2 O-O 5. e3 b6 6. Be2 c5 7. a3 d6 8. O-O Bb7
9. Qb3 Nbd7 10. Nc3 e5 11. Rfd1 e4 12. Ne1 Ne5 13. d3 Nfg4 14. Bxg4 Nxg4 15. h3
Nxf2 16. Kxf2 Qh4+ 17. Kg1 Qg3 18. Nd5 Bxd5 19. Bxg7 Qxe3+ 20. Kh1 Kxg7 21.
cxd5 Rae8 22. Qb2+ f6 23. dxe4 Rxe4 24. Nf3 Qf4 25. bxc5 bxc5 26. Re1 Rfe8 27.
Rxe4 Rxe4 28. Qb7+ Kh6 29. Qb8 f5 30. Rb1 Qg3 31. Qb2 c4 32. Qd2+ f4 33. Rc1 g5
34. Qb2 Re3 35. Qf6+ Kh5 36. Qg7 h6 37. Qf7# 1-0

[Event "Campeonato del Mundo sub-20 2010 Fem."]
[Site "Chotowa-Czarna, Poland"]
[Date "2010.08.07"]
[Round "5.11"]
[White "Newrkla, Katharina"]
[Black "Corke, Anya"]
[Result "1/2-1/2"]
[WhiteElo "2105"]
[BlackElo "2257"]
[PlyCount "32"]
[EventDate "2010.08.03"]
[EventType "swiss"]
[EventRounds "13"]
[EventCountry "POL"]
[Source "lmi"]
[SourceDate "2010.08.03"]

1. e4 e6 2. d4 d5 3. exd5 exd5 4. Nf3 Bd6 5. Bd3 Nf6 6. O-O O-O 7. Bg5 Bg4 8.
Nbd2 Nbd7 9. c3 c6 10. Qc2 Qc7 11. Rae1 Rfe8 12. Qb1 Bh5 13. Rxe8+ Rxe8 14. Re1
Qb8 15. Rxe8+ Qxe8 16. Qe1 Qxe1+ 1/2-1/2

[Event "Campeonato del Mundo sub-20 2010 Fem."]
[Site "Chotowa-Czarna, Poland"]
[Date "2010.08.07"]
[Round "5.12"]
[White "Olsarova, Tereza"]
[Black "Iwanow, Anna"]
[Result "0-1"]
[WhiteElo "2252"]
[BlackElo "2097"]
[PlyCount "78"]
[EventDate "2010.08.03"]
[EventType "swiss"]
[EventRounds "13"]
[EventCountry "POL"]
[Source "lmi"]
[SourceDate "2010.08.03"]

1. e4 e5 2. Nf3 Nc6 3. Bb5 a6 4. Ba4 Nf6 5. d3 b5 6. Bb3 Bc5 7. c3 d6 8. h3 h6
9. Nbd2 Ba7 10. a4 Be6 11. Bc2 O-O 12. g4 d5 13. Qe2 dxe4 14. dxe4 Nh7 15. O-O
h5 16. Kh1 hxg4 17. hxg4 Bxg4 18. Rg1 Bh5 19. Qf1 Qf6 20. Rg3 Nd8 21. Qh3 Bg6
22. Nh4 Ng5 23. Qg2 Nde6 24. Nxg6 Qxg6 25. Nf3 Qh5+ 26. Nh2 Nh7 27. Bd2 Rfd8
28. Bd3 f6 29. Rg1 g5 30. Bc1 c6 31. Rh3 Qg6 32. Ng4 Kg7 33. Nh6 Rh8 34. Be2 g4
35. Nf5+ Kf7 36. Bxg4 Nhg5 37. Nh4 Qxe4 38. f3 Qh7 39. Bf5 Qxf5 0-1

[Event "Campeonato del Mundo sub-20 2010 Fem."]
[Site "Chotowa-Czarna, Poland"]
[Date "2010.08.07"]
[Round "5.13"]
[White "Warakomska, Anna"]
[Black "Kaya, Emel"]
[Result "1/2-1/2"]
[WhiteElo "2192"]
[BlackElo "2015"]
[PlyCount "46"]
[EventDate "2010.08.03"]
[EventType "swiss"]
[EventRounds "13"]
[EventCountry "POL"]
[Source "lmi"]
[SourceDate "2010.08.03"]

1. e4 c5 2. Nf3 g6 3. d4 cxd4 4. Qxd4 Nf6 5. e5 Nc6 6. Qa4 Nd5 7. Qe4 Nb6 8.
Bf4 d5 9. exd6 Bf5 10. dxe7 Bxe7 11. Qe2 O-O 12. Nc3 Bb4 13. Qd2 Re8+ 14. Be3
Qxd2+ 15. Kxd2 Nd5 16. Bd3 Nxe3 17. fxe3 Rad8 18. Rhe1 Na5 19. Nd4 Bxd3 20.
cxd3 Bc5 21. Nce2 Bb4+ 22. Nc3 Bc5 23. Nce2 Bb4+ 1/2-1/2

[Event "Campeonato del Mundo sub-20 2010 Fem."]
[Site "Chotowa-Czarna, Poland"]
[Date "2010.08.07"]
[Round "5.14"]
[White "Khanamiryan, Ani"]
[Black "Tsirulnik, Maritsa"]
[Result "0-1"]
[WhiteElo "2014"]
[BlackElo "2153"]
[PlyCount "64"]
[EventDate "2010.08.03"]
[EventType "swiss"]
[EventRounds "13"]
[EventCountry "POL"]
[Source "lmi"]
[SourceDate "2010.08.03"]

1. e4 c5 2. Nf3 e6 3. d3 Nc6 4. g3 d5 5. Qe2 Nf6 6. Bg2 Be7 7. O-O O-O 8. e5
Nd7 9. h4 b5 10. Re1 a5 11. Nbd2 b4 12. c3 bxc3 13. bxc3 a4 14. Nf1 Ba6 15. Bf4
Rb8 16. h5 a3 17. Rab1 Qa5 18. Qc2 Rxb1 19. Rxb1 Rb8 20. Rxb8+ Ndxb8 21. Ne3
Nd7 22. d4 Nb6 23. Ng4 Qa4 24. Qc1 cxd4 25. cxd4 Qc4 26. Qb1 Nb4 27. Ng5 Bxg5
28. Bxg5 Qxd4 29. Nh6+ gxh6 30. Be3 Qb2 31. Qd1 Be2 32. Qe1 Nc4 0-1

[Event "Campeonato del Mundo sub-20 2010 Fem."]
[Site "Chotowa-Czarna, Poland"]
[Date "2010.08.07"]
[Round "5.16"]
[White "Rysbayeva, Aigerim"]
[Black "Labedz, Patrycja"]
[Result "0-1"]
[WhiteElo "2209"]
[BlackElo "2076"]
[PlyCount "94"]
[EventDate "2010.08.03"]
[EventType "swiss"]
[EventRounds "13"]
[EventCountry "POL"]
[Source "lmi"]
[SourceDate "2010.08.03"]

1. e4 c5 2. Nf3 Nc6 3. d4 cxd4 4. Nxd4 e5 5. Nb5 d6 6. N1c3 a6 7. Na3 b5 8. Nd5
Nce7 9. c4 Nxd5 10. exd5 bxc4 11. Nxc4 Nf6 12. Bd3 Be7 13. O-O O-O 14. Bd2 Bb7
15. Ba5 Qb8 16. Nb6 Ra7 17. Bc4 Bd8 18. Qe1 Bc8 19. Nxc8 Bxa5 20. Ne7+ Rxe7 21.
Qxa5 Rc8 22. b3 Rc5 23. Qd2 Qb7 24. Rfd1 a5 25. Rac1 g6 26. a3 Rec7 27. Qg5 Kg7
28. Rd3 h6 29. Qd2 Nxd5 30. g3 Nf6 31. Rd1 a4 32. Rxd6 Ne4 33. Bd5 Rxd5 34.
Qxd5 Nxd6 35. Qxe5+ Kh7 36. Qxd6 axb3 37. Rb1 Rc3 38. Qb4 Qf3 39. Qf4 Qd5 40.
Qb4 Qd3 41. Re1 Rc2 42. Qb7 Qf5 43. f3 Qc5+ 44. Kh1 Kg7 45. Re7 Qc4 46. Re1 b2
47. Qb8 Qc3 0-1

[Event "Campeonato del Mundo sub-20 2010 Fem."]
[Site "Chotowa-Czarna, Poland"]
[Date "2010.08.07"]
[Round "5.17"]
[White "Semenova, Elena"]
[Black "Osmanodja, Filiz"]
[Result "0-1"]
[WhiteElo "2194"]
[BlackElo "2061"]
[PlyCount "126"]
[EventDate "2010.08.03"]
[EventType "swiss"]
[EventRounds "13"]
[EventCountry "POL"]
[Source "lmi"]
[SourceDate "2010.08.03"]

1. e4 c5 2. Nf3 d6 3. d4 cxd4 4. Nxd4 Nf6 5. Nc3 Nc6 6. f4 Bd7 7. Bc4 Qb6 8.
Be3 Qxb2 9. Ndb5 Qb4 10. Bd3 Qa5 11. Bd2 Nb4 12. Be2 a6 13. e5 dxe5 14. fxe5
axb5 15. exf6 exf6 16. a3 Na6 17. Bf3 Qb6 18. Bf4 Qe6+ 19. Kf2 Bc5+ 20. Kg3
O-O-O 21. Re1 Qb6 22. Qe2 g5 23. Be3 Bxe3 24. Qxe3 Qxe3 25. Rxe3 Bc6 26. Bxc6
bxc6 27. Rf1 Rhe8 28. Ne4 Re6 29. Rxf6 Rxf6 30. Nxf6 h6 31. Re7 Rd2 32. Rxf7
Rxc2 33. Ne4 Ra2 34. Rf6 Rxa3+ 35. Kg4 Kc7 36. Rxh6 b4 37. Kxg5 b3 38. Rf6 b2
39. Nd2 Ra1 40. Rf7+ Kc8 41. Rf8+ Kb7 42. Rf7+ Nc7 43. Rf3 b1=Q 44. Nxb1 Rxb1
45. h4 Ne6+ 46. Kf6 Nd4 47. Rd3 c5 48. h5 Rb6+ 49. Kg5 Ne6+ 50. Kf5 Nd4+ 51.
Kg5 Rd6 52. Rh3 Ne6+ 53. Kf5 Nf8 54. g4 Nh7 55. Rg3 c4 56. g5 Rd5+ 57. Ke4 Kc6
58. Kf4 Rxg5 59. Rxg5 Nxg5 60. Kxg5 c3 61. Kg6 c2 62. h6 c1=Q 63. Kh7 Qg5 0-1

[Event "Campeonato del Mundo sub-20 2010 Fem."]
[Site "Chotowa-Czarna, Poland"]
[Date "2010.08.07"]
[Round "5.18"]
[White "Skrzypczak, Anna"]
[Black "Nesterovskaya, Anzhelika"]
[Result "0-1"]
[WhiteElo "2028"]
[BlackElo "2177"]
[PlyCount "136"]
[EventDate "2010.08.03"]
[EventType "swiss"]
[EventRounds "13"]
[EventCountry "POL"]
[Source "lmi"]
[SourceDate "2010.08.03"]

1. e4 c5 2. Nf3 d6 3. d4 cxd4 4. Nxd4 Nf6 5. Nc3 g6 6. Be3 a6 7. f3 Qc7 8. Qd2
h6 9. g4 e5 10. Nde2 Be6 11. Ng3 Nc6 12. Rd1 d5 13. exd5 O-O-O 14. Qf2 Nxd5 15.
Nxd5 Rxd5 16. Rxd5 Bxd5 17. a3 Be7 18. Bd3 Qa5+ 19. Bd2 Qd8 20. O-O h5 21. gxh5
gxh5 22. Be3 Rg8 23. Kh1 Bh4 24. Bf5+ Kb8 25. Rd1 Bxg3 26. hxg3 Qf6 27. Rxd5
Qxf5 28. Qg2 Ne7 29. Rd2 Qg6 30. Kh2 Nf5 31. Bf2 Nh4 32. Qh1 Qf5 33. Rd3 e4 34.
Rb3 Nxf3+ 35. Kg2 Nd2 36. Rc3 Rc8 37. Rxc8+ Kxc8 38. Qe1 Qf3+ 39. Kg1 Nc4 40.
Qb4 Qd1+ 41. Kg2 Qd5 42. Kg1 e3 43. Be1 Kb8 44. b3 Ne5 45. Qf4 e2 46. Kf2 Qc5+
47. Kxe2 Qxc2+ 48. Bd2 Qd3+ 49. Ke1 f6 50. Kf2 Kc8 51. Kg2 Qd5+ 52. Kf1 Qxb3
53. Qf5+ Kb8 54. Bf4 Qd1+ 55. Kg2 Qe2+ 56. Kg1 Ka7 57. Bxe5 fxe5 58. a4 Qe3+
59. Kh2 e4 60. Qxh5 Qd4 61. a5 e3 62. Qf3 Qd2+ 63. Kg1 e2 64. Qf2+ Kb8 65. Qf8+
Kc7 66. Qe7+ Kc6 67. Qe6+ Kc5 68. Qe5+ Kc4 0-1

[Event "Campeonato del Mundo sub-20 2010 Fem."]
[Site "Chotowa-Czarna, Poland"]
[Date "2010.08.07"]
[Round "5.20"]
[White "Kasperek, Joanna"]
[Black "Exler, Veronika"]
[Result "0-1"]
[WhiteElo "2001"]
[BlackElo "2143"]
[PlyCount "128"]
[EventDate "2010.08.03"]
[EventType "swiss"]
[EventRounds "13"]
[EventCountry "POL"]
[Source "lmi"]
[SourceDate "2010.08.03"]

1. e4 c6 2. d4 d5 3. exd5 cxd5 4. c4 Nf6 5. Nc3 e6 6. Nf3 Bb4 7. cxd5 Nxd5 8.
Bd2 Nc6 9. Bd3 O-O 10. O-O Nf6 11. a3 Be7 12. Bg5 h6 13. Be3 b6 14. Rc1 Bb7 15.
Bb1 Bd6 16. Ne4 Nxe4 17. Bxe4 Na5 18. Bb1 Qf6 19. Qd3 Rfd8 20. Nd2 Bd5 21. Ne4
Qg6 22. f3 Be7 23. Rc7 Kf8 24. Qe2 f5 25. Nc3 Bb3 26. Na2 Bd6 27. Rc3 Rac8 28.
Rfc1 Qe8 29. Nb4 Rxc3 30. Rxc3 Rc8 31. Qd2 Qd7 32. Bf4 Bxf4 33. Qxf4 Rd8 34.
Rd3 Bc4 35. Rd1 Qd6 36. Qh4 Nb3 37. d5 Bxd5 38. Kh1 Qc7 39. Ba2 Na5 40. h3 Qe7
41. Qxe7+ Kxe7 42. Bxd5 exd5 43. Nxd5+ Kf7 44. b4 Nc4 45. Rc1 Nxa3 46. Rc7+ Ke6
47. Nf4+ Ke5 48. g3 g5 49. Rxa7 gxf4 50. gxf4+ Kxf4 51. Rxa3 Rd1+ 52. Kg2 Rd2+
53. Kg1 Rb2 54. Rc3 Rxb4 55. Rc6 h5 56. Rh6 Kg3 57. Rg6+ Kxf3 58. Rg5 f4 59.
Rxh5 Kg3 60. Kf1 Rb1+ 61. Ke2 f3+ 62. Ke3 Re1+ 63. Kd2 f2 64. Rg5+ Kxh3 0-1

[Event "Campeonato del Mundo sub-20 2010 Fem."]
[Site "Chotowa-Czarna, Poland"]
[Date "2010.08.07"]
[Round "5.21"]
[White "Guadamuro Torrente, Anabel"]
[Black "Zmarzly, Aleksandra"]
[Result "0-1"]
[WhiteElo "2137"]
[BlackElo "2026"]
[PlyCount "76"]
[EventDate "2010.08.03"]
[EventType "swiss"]
[EventRounds "13"]
[EventCountry "POL"]
[Source "lmi"]
[SourceDate "2010.08.03"]

1. e4 c5 2. Nf3 d6 3. d4 cxd4 4. Nxd4 Nf6 5. Nc3 a6 6. Be3 e6 7. f3 b5 8. Qd2
Bb7 9. O-O-O Nbd7 10. g4 Nb6 11. Bd3 Rc8 12. Rhe1 Nfd7 13. f4 Nc5 14. Bf2 Be7
15. g5 O-O 16. h4 b4 17. Nb1 d5 18. e5 Nc4 19. Qe2 Qa5 20. b3 Nxd3+ 21. cxd3
Ne3+ 22. Kb2 Nxd1+ 23. Rxd1 Bc5 24. Nc2 Bxf2 25. Qxf2 Rc7 26. d4 Rfc8 27. Ne3
Qb6 28. f5 a5 29. f6 Rc1 30. Rd2 Qc6 31. Nc2 Rh1 32. fxg7 a4 33. bxa4 Qxa4 34.
Qf3 Rxh4 35. Rf2 Qd7 36. Ne3 Rxd4 37. Rh2 Qc7 38. Rh1 Qxe5 0-1

[Event "Campeonato del Mundo sub-20 2010 Fem."]
[Site "Chotowa-Czarna, Poland"]
[Date "2010.08.07"]
[Round "5.22"]
[White "Chierici, Marianna"]
[Black "Baciu, Diana"]
[Result "0-1"]
[WhiteElo "2016"]
[BlackElo "2127"]
[PlyCount "64"]
[EventDate "2010.08.03"]
[EventType "swiss"]
[EventRounds "13"]
[EventCountry "POL"]
[Source "lmi"]
[SourceDate "2010.08.03"]

1. e4 e6 2. d3 d5 3. Nd2 c5 4. Ngf3 Nc6 5. g3 g6 6. Bg2 Bg7 7. O-O Nge7 8. Re1
O-O 9. Qe2 Qc7 10. Nf1 b6 11. Bf4 e5 12. Bg5 Be6 13. exd5 Bxd5 14. c3 f6 15.
Bd2 Rad8 16. Ne3 Bf7 17. Nc2 Rfe8 18. Be3 Nf5 19. Bc1 Qd7 20. Bf1 g5 21. g4
Nfe7 22. h3 Bg6 23. d4 cxd4 24. cxd4 exd4 25. Qc4+ Kh8 26. Ncxd4 Nxd4 27. Nxd4
Qxd4 28. Qxd4 Rxd4 29. Bb5 Rc8 30. Be3 Rd5 31. Ba6 Rcd8 32. Rac1 h6 0-1

[Event "Campeonato del Mundo sub-20 2010 Fem."]
[Site "Chotowa-Czarna, Poland"]
[Date "2010.08.07"]
[Round "5.24"]
[White "Forestier, Carole"]
[Black "Tomaszewska, Luiza"]
[Result "1-0"]
[WhiteElo "2103"]
[BlackElo "1968"]
[PlyCount "157"]
[EventDate "2010.08.03"]
[EventType "swiss"]
[EventRounds "13"]
[EventCountry "POL"]
[Source "lmi"]
[SourceDate "2010.08.03"]

1. d4 Nf6 2. c4 d6 3. Nc3 Bf5 4. f3 e5 5. d5 e4 6. Bg5 Be7 7. Qd2 exf3 8. gxf3
Nh5 9. Bxe7 Qxe7 10. O-O-O O-O 11. e4 Bd7 12. Nge2 a6 13. Nd4 Qe5 14. Kb1 Nf4
15. h4 h5 16. Rg1 f6 17. Nde2 Nxe2 18. Bxe2 Kh8 19. f4 Qe8 20. Rg3 b5 21. Rdg1
b4 22. Nd1 Bg4 23. Bxg4 Qxe4+ 24. Ka1 hxg4 25. Rxg4 Rf7 26. Qxb4 Nd7 27. Qc3
Nc5 28. h5 Na4 29. Qd2 f5 30. Rg6 Re8 31. h6 Qe2 32. Qd4 Qc2 33. a3 Nc5 34.
R6g3 Re4 35. Qc3 Qxc3 36. Nxc3 Ree7 37. Rh3 gxh6 38. Rxh6+ Rh7 39. Rf6 Ref7 40.
Rxf7 Rxf7 41. Kb1 Nd3 42. Rf1 Nc5 43. Kc2 Kg7 44. Re1 Kg6 45. b4 Nd7 46. Kd3
Rh7 47. Kd4 Kf7 48. Re3 Rh4 49. Ne2 Rh1 50. c5 Rd1+ 51. Kc4 Nf6 52. Nc3 Rf1 53.
cxd6 cxd6 54. Ne2 Ne4 55. b5 axb5+ 56. Kxb5 Rb1+ 57. Kc6 Nd2 58. Rh3 Ne4 59.
Nd4 Rc1+ 60. Kd7 Rc5 61. Nxf5 Rxd5 62. Nh6+ Kg7 63. Ke6 Ra5 64. Nf5+ Kg8 65.
Re3 d5 66. Ne7+ Kf8 67. Nxd5 Ra6+ 68. Kf5 Nd6+ 69. Kg4 Nc4 70. Rc3 Nxa3 71. Nc7
Ra4 72. Kg5 Kf7 73. f5 Rc4 74. Rh3 Nc2 75. Nd5 Nd4 76. Rh7+ Kf8 77. Kg6 Rc6+
78. Nf6 Nxf5 79. Rf7# 1-0

[Event "Campeonato del Mundo sub-20 2010 Fem."]
[Site "Chotowa-Czarna, Poland"]
[Date "2010.08.07"]
[Round "5.25"]
[White "Uta, Adeline-Ramona"]
[Black "Anu, Bayar"]
[Result "1-0"]
[WhiteElo "2099"]
[BlackElo "1935"]
[PlyCount "73"]
[EventDate "2010.08.03"]
[EventType "swiss"]
[EventRounds "13"]
[EventCountry "POL"]
[Source "lmi"]
[SourceDate "2010.08.03"]

1. e4 c5 2. Nf3 d6 3. d4 cxd4 4. Nxd4 Nf6 5. Nc3 g6 6. Be3 Bg7 7. f3 O-O 8. Qd2
Nc6 9. O-O-O d5 10. exd5 Nxd5 11. Nxc6 bxc6 12. Bd4 e5 13. Bc5 Be6 14. Ne4 Rb8
15. Bxf8 Qxf8 16. Qa5 Ne3 17. Re1 Bh6 18. Kb1 f5 19. Nc5 Qd6 20. Nxe6 Qxe6 21.
Qxa7 Qd6 22. Bd3 Qb4 23. b3 Rb7 24. Qa8+ Kf7 25. g4 Qb6 26. gxf5 Ra7 27. Qh8
Bg7 28. Qxh7 Nd5 29. Bc4 Kf8 30. Bxd5 cxd5 31. Qxg6 Qa5 32. Qd6+ Kg8 33. a4 Qc3
34. f6 Rxa4 35. bxa4 Bf8 36. Rhg1+ Kh7 37. Qxf8 1-0

[Event "Campeonato del Mundo sub-20 2010 Fem."]
[Site "Chotowa-Czarna, Poland"]
[Date "2010.08.07"]
[Round "5.26"]
[White "Guo, Emma"]
[Black "Mareckova, Martina"]
[Result "1-0"]
[WhiteElo "1965"]
[BlackElo "2095"]
[PlyCount "111"]
[EventDate "2010.08.03"]
[EventType "swiss"]
[EventRounds "13"]
[EventCountry "POL"]
[Source "lmi"]
[SourceDate "2010.08.03"]

1. e4 e5 2. Nf3 Nc6 3. Bc4 Bc5 4. c3 Nf6 5. d4 exd4 6. cxd4 Bb4+ 7. Bd2 Bxd2+
8. Qxd2 Nxe4 9. Qe3 d5 10. Bxd5 Qxd5 11. Nc3 Qd8 12. Qxe4+ Qe7 13. Qxe7+ Nxe7
14. O-O O-O 15. Rfe1 Nf5 16. Nd5 c6 17. Ne7+ Kh8 18. Nxf5 Bxf5 19. Re7 Rab8 20.
Rae1 Kg8 21. a3 Rfd8 22. Ng5 Bg6 23. Rc7 Kf8 24. Ree7 Re8 25. Nxh7+ Kg8 26. Ng5
Kf8 27. Re5 Rbd8 28. Rxe8+ Kxe8 29. Rxb7 Rxd4 30. f3 a5 31. Kf2 Rd2+ 32. Kg3 a4
33. Ne4 Bxe4 34. fxe4 c5 35. Kf3 g6 36. h4 Kf8 37. g4 Rd3+ 38. Kf4 Rd2 39. Rb5
Rc2 40. Ke5 Rg2 41. g5 Rc2 42. Kd6 Kg7 43. Rxc5 Rxb2 44. Rc4 Rh2 45. e5 Rd2+
46. Kc5 Kf8 47. Rxa4 Ke7 48. Rf4 Re2 49. Kd5 Ra2 50. a4 Ra1 51. Re4 Rd1+ 52.
Kc6 Ke6 53. a5 Ra1 54. Kb5 Rb1+ 55. Rb4 Rd1 56. a6 1-0

[Event "Campeonato del Mundo sub-20 2010 Fem."]
[Site "Chotowa-Czarna, Poland"]
[Date "2010.08.07"]
[Round "5.28"]
[White "Butuc, Maria"]
[Black "Deur, Zrinka"]
[Result "1-0"]
[WhiteElo "2220"]
[BlackElo "2061"]
[PlyCount "64"]
[EventDate "2010.08.03"]
[EventType "swiss"]
[EventRounds "13"]
[EventCountry "POL"]
[Source "lmi"]
[SourceDate "2010.08.03"]

1. d4 Nf6 2. Nf3 g6 3. c4 Bg7 4. g3 O-O 5. Bg2 d6 6. O-O Nbd7 7. Nc3 c6 8. e4
e5 9. h3 exd4 10. Nxd4 Re8 11. Re1 a5 12. Bf4 Ne5 13. b3 Nfd7 14. Be3 Nc5 15.
Qc2 Ne6 16. Nxe6 fxe6 17. f4 Nd7 18. Rad1 Qe7 19. Ne2 Nc5 20. e5 Bf8 21. Bxc5
dxc5 22. Nc3 Rb8 23. h4 b5 24. h5 bxc4 25. hxg6 cxb3 26. axb3 c4 27. gxh7+ Qxh7
28. Ne4 Be7 29. bxc4 Rb4 30. Rb1 Ba6 31. Rxb4 axb4 32. Qa2 Ra8 1-0

[Event "Campeonato del Mundo sub-20 2010 Fem."]
[Site "Chotowa-Czarna, Poland"]
[Date "2010.08.07"]
[Round "5.30"]
[White "Saduakassova, Dinara"]
[Black "Krumova, Ani"]
[Result "1-0"]
[WhiteElo "2131"]
[BlackElo "1916"]
[PlyCount "107"]
[EventDate "2010.08.03"]
[EventType "swiss"]
[EventRounds "13"]
[EventCountry "POL"]
[Source "lmi"]
[SourceDate "2010.08.03"]

1. e4 c5 2. Nf3 Nc6 3. d4 cxd4 4. Nxd4 e5 5. Nb5 a6 6. Nd6+ Bxd6 7. Qxd6 Qf6 8.
Qd1 Qg6 9. Nc3 Nge7 10. Be3 d6 11. Qd2 O-O 12. O-O-O Be6 13. h4 f5 14. exf5
Nxf5 15. Bd3 Nb4 16. Be4 Qf7 17. a3 d5 18. Bxf5 Qxf5 19. Bc5 d4 20. axb4 dxc3
21. Qxc3 Rfc8 22. Rhe1 a5 23. Qxe5 axb4 24. Qxe6+ Qxe6 25. Rxe6 Rxc5 26. Rd7 b3
27. c3 b5 28. Re4 Rc4 29. Rxc4 bxc4 30. Kd1 Ra2 31. Rd2 Kf7 32. Ke2 Ke6 33. Ke3
Ke5 34. f4+ Kf5 35. Kd4 Ra4 36. Kc5 Kxf4 37. Kb5 Ra7 38. Kxc4 Ke3 39. Rd4 Rb7
40. Kc5 Rf7 41. Kc4 Rb7 42. h5 g6 43. hxg6 hxg6 44. g4 g5 45. Kd5 Rf7 46. Rb4
Rf4 47. Rxb3 Rxg4 48. c4+ Kf2 49. c5 Rg1 50. c6 Rd1+ 51. Kc5 Rc1+ 52. Rc3 Rh1
53. c7 Rh8 54. Kb6 1-0

[Event "Campeonato del Mundo sub-20 2010 Fem."]
[Site "Chotowa-Czarna, Poland"]
[Date "2010.08.07"]
[Round "5.31"]
[White "Orehek, Spela"]
[Black "Edes, Zsofia"]
[Result "0-1"]
[WhiteElo "1883"]
[BlackElo "2097"]
[PlyCount "95"]
[EventDate "2010.08.03"]
[EventType "swiss"]
[EventRounds "13"]
[EventCountry "POL"]
[Source "lmi"]
[SourceDate "2010.08.03"]

1. e4 c5 2. c3 d5 3. exd5 Qxd5 4. d4 Nc6 5. Nf3 Bg4 6. Be2 e6 7. h3 Bh5 8. O-O
Nf6 9. Be3 cxd4 10. cxd4 Be7 11. Nc3 Qd6 12. Qb3 O-O 13. Rfd1 Rfd8 14. a3 a6
15. Rac1 b5 16. d5 Na5 17. Qa2 e5 18. Bg5 Qb8 19. Bxf6 Bxf6 20. Ne4 Be7 21. b4
Nb7 22. Qb2 Bg6 23. Nc5 e4 24. Nd4 Bf6 25. Qb3 Bxd4 26. Rxd4 Nd6 27. Rdd1 Qa7
28. Qg3 Qe7 29. Rc3 Re8 30. Rdc1 Qd8 31. Rd1 Qf6 32. Bg4 Rad8 33. Nb3 h5 34.
Be2 Nf5 35. Qc7 Qg5 36. Bf1 e3 37. fxe3 Nxe3 38. Rdc1 Be4 39. Qh2 Rxd5 40. Nc5
Nxf1 41. Rxf1 Bg6 42. Nxa6 Bd3 43. Rfc1 Qd2 44. Rc8 Kh7 45. Qg3 Rg5 46. R8c2
Bxc2 47. Qxg5 Qxg5 48. Rxc2 0-1